000 00515nam a22001937a 4500
003 OSt
005 20140310182504.0
008 130807t xxu||||| |||| 00| 0 eng d
020 _a9780415464383
050 _aRG 950
_b.M345 2009
245 _aBecoming a Midwife /
260 _aUSA :
_bRoutledge,
_cc2009.
300 _a228 p. :
_c22 cm.
500 _aIncludes bibliographical references and index.
650 _aMidwifery.
_97594
650 _aCareer Choice.
_98835
942 _2lcc
_cSSLC
999 _c13844
_d13844